Land prices hit record high. (Record no. 74110)
[ view plain ]
| 000 -LEADER | |
|---|---|
| fixed length control field | 01163cab a2200193 4500 |
| 001 - CONTROL NUMBER | |
| control field | WB4005-18 |
| 008 - FIXED-LENGTH DATA ELEMENTS--GENERAL INFORMATION | |
| fixed length control field | 040204n2004 000 0 eng u |
| 035 ## - SYSTEM CONTROL NUMBER | |
| System control number | (Sirsi) u125015 |
| 245 ## - TITLE STATEMENT | |
| Title | Land prices hit record high. |
| 260 ## - PUBLICATION, DISTRIBUTION, ETC. | |
| Date of publication, distribution, etc. | 2004 |
| 490 ## - SERIES STATEMENT | |
| Series statement | RICS Press Release |
| Volume/sequential designation | 2 February 2004(3) |
| 520 ## - SUMMARY, ETC. | |
| Summary, etc. | The "RICS rural land market survey" for the forth quarter of 2003, shows that individual non-farmer buyers now account for 51 percent of the market, which is an increase on the 45 percent from the previous quarter. In the southeast the forth quarter figure stood at 65 percent. This activity is supported by buyers who are not waiting the outcome to changes to agricultural policy both from the government and the EU, whilst many farmers are holding back. to view the survey go to: http://www.rics.org/ricscms/bin/show?class=MarketS urvey&template=/includes/showmarketsurvey.html&id= 80. http://www.rics.org/ricscms/bin/show?class=PressRe lease&template=/includes/showpr.html&id=1108. |
| 590 ## - LOCAL NOTE (RLIN) | |
| Local note | WB |
| 650 ## - SUBJECT ADDED ENTRY--TOPICAL TERM | |
| Topical term or geographic name entry element | RICS RURAL LAND MARKET SURVEY GREAT BRITAIN |
| 650 ## - SUBJECT ADDED ENTRY--TOPICAL TERM | |
| Topical term or geographic name entry element | FARMS |
| 650 ## - SUBJECT ADDED ENTRY--TOPICAL TERM | |
| Topical term or geographic name entry element | LAND PURCHASE |
| 690 ## - LOCAL SUBJECT ADDED ENTRY--TOPICAL TERM (OCLC, RLIN) | |
| Topical term or geographic name as entry element | RURAL-MARKET |
| 942 ## - ADDED ENTRY ELEMENTS (KOHA) | |
| Suppress in OPAC | 0 |
| Withdrawn status | Lost status | Source of classification or shelving scheme | Damaged status | Not for loan | Home library | Current library | Shelving location | Date acquired | Total Checkouts | Full call number | Barcode | Date last seen | Copy number | Price effective from | Koha item type |
|---|---|---|---|---|---|---|---|---|---|---|---|---|---|---|---|
| Dewey Decimal Classification | London | London | News article | 04/02/2004 | WB4005-18 | 125015-1001 | 06/08/2019 | 1 | 06/08/2019 | News article |